شرح شذور الذهب في معرفة كلام العرب: (Record no. 6379)

MARC details
000 -LEADER
fixed length control field 00626nam a22001577a 4500
005 - DATE AND TIME OF LATEST TRANSACTION
control field 20231214115314.0
008 - FIXED-LENGTH DATA ELEMENTS--GENERAL INFORMATION
fixed length control field 231214b |||||||| |||| 00| 0 eng d
020 ## - INTERNATIONAL STANDARD BOOK NUMBER
International Standard Book Number 9789777711173
040 ## - CATALOGING SOURCE
Transcribing agency .
082 ## - DEWEY DECIMAL CLASSIFICATION NUMBER
Edition number ط1
Classification number 405 A824 2018
100 ## - MAIN ENTRY--PERSONAL NAME
Personal name الانصاري، ابي محمد عبدالله جمال الدين ابن هشام
245 ## - TITLE STATEMENT
Title شرح شذور الذهب في معرفة كلام العرب:
Remainder of title /شرح شذور الذهب للجوجري
Statement of responsibility, etc. ابي محمد عبدالله جمال الدين ابن هشام الانصاري
300 ## - PHYSICAL DESCRIPTION
Extent 383ص
Other physical details 24سم
650 ## - SUBJECT ADDED ENTRY--TOPICAL TERM
Geographic subdivision النحو والصرف
942 ## - ADDED ENTRY ELEMENTS (KOHA)
Source of classification or shelving scheme Dewey Decimal Classification
Koha item type Book
Suppress in OPAC No
Holdings
Withdrawn status Lost status Source of classification or shelving scheme Damaged status Not for loan Home library Current library Date acquired Total Checkouts Full call number Barcode Date last seen Price effective from Koha item type
    Dewey Decimal Classification     KHOBAR KHOBAR 12/14/2023   405 A824 2018 1000000034363 12/14/2023 12/14/2023 Book